Parent's guide : (Record no. 112975)
[ view plain ]
| 000 -LEADER | |
|---|---|
| fixed length control field | 00328nam a2200121 a 4500 |
| 001 - CONTROL NUMBER | |
| control field | 4140 |
| 005 - DATE AND TIME OF LATEST TRANSACTION | |
| control field | 20140414131957.0 |
| 008 - FIXED-LENGTH DATA ELEMENTS--GENERAL INFORMATION | |
| fixed length control field | 090218s19uu xx 00 eng d |
| 050 ## - LIBRARY OF CONGRESS CALL NUMBER | |
| Classification number | TR 649 |
| Item number | P21 2004 |
| 245 ## - TITLE STATEMENT | |
| Title | Parent's guide : |
| Remainder of title | to give your child a head start in school. |
| 440 ## - SERIES STATEMENT/ADDED ENTRY--TITLE | |
| Title | Early learning program |
| Withdrawn status | Lost status | Damaged status | Use restrictions | Home library | Current library | Shelving location | Date acquired | Source of acquisition | Total Checkouts | Full call number | Barcode | Date last seen | Price effective from | Koha item type |
|---|---|---|---|---|---|---|---|---|---|---|---|---|---|---|
| Munich Library | Munich Library | Teachers Reference Section | 02/18/2009 | TR 649 P21 2004 | M4403 | 04/14/2014 | 04/14/2014 | Books |